01072 a2200205 4500003000500000005001700005040000900022082001700031100002500048245007200073260002900145300001000174505023500184650004000419942001200459999001900471952012400490952012400614952012800738Nust20230316131247.0 cNust a355.009, COH aCohen,Eliot A948704 aMilitary MisfortunesbThe Anatomy of Failure in WarcEliot A Cohen bServices Book Clubc1995 a296:p aWhy Misfortunes (Page-1), Understanding Disaster (Page-5), Analyzing Failure (Page-29), Failure to Learn (Page-59), Failure to Adapt (Page-95), Aggregate to Failure (Page-133), Catastrophic (Page-197), What Can Be Done (Page-231). a Anatomy of Failure in War9110433 2ddccBK c185090d185090 00102ddc4070aMCSbMCScGENd2016-12-12o355.009,COHpMCS1904r2016-12-08w2016-12-12yBKzAlmirah No.51, Shelf No.3 00102ddc4070aMCSbMCScGENd2016-12-12o355.009,COHpMCS1905r2016-12-08w2016-12-12yBKzAlmirah No.51, Shelf No.3 00102ddc4070aMCSbMCScGENd2023-03-16l0o355.009,COHpMCS27657r2023-03-16w2023-03-16yBKzAlmirah No.51, Shelf No.3